| 000 | 00893nam a2200229Ia 4500 | ||
|---|---|---|---|
| 008 | 0000002004 sp a 0000000000spa00 | ||
| 020 | _a8488511787 | ||
| 090 | _aPSP00 Q83d | ||
| 100 | 1 |
_aQuintero, Daniel _d1949 |
|
| 245 | 1 | 0 |
_aDaniel Quintero _b: tumbling landscape _c/ photografías Jorge Fernández Oronoz |
| 300 |
_a23 p _c/ 29 cm. |
||
| 500 | _aExposiciónorganizada en la Galería Marlborough, Nueva York, Septiembre 29 Octubre 23, 2004 \ Con el patronazgo del maestro venezolano Jesús Rafael Soto (q.e.p.d.) | ||
| 600 | 0 | 0 |
_a QUINTERO, DANIEL, 1949/ _xTRABAJOS PICTORICOS |
| 650 | 1 | 4 | _a PINTURA ESPAÑOLA |
| 650 | 1 | 4 | _aARTE CONTEMPORANEO ESPAÑOL |
| 650 | 1 | 4 | _xCATALOGOS |
| 650 | 1 | 4 | _xEXPOSICIONES |
| 650 | 1 | 4 | _aPINTORES ESPAÑOLES |
| 650 | 1 | 4 | _aPINTURA DE PAISAJES ESPAÑOLA |
| 700 | 1 | _aFernández Oronoz, Jorge | |
| 999 |
_c676 _d676 |
||
| 260 |
_aMadrid : Marlborough _c2004 |
||